LEADER 01428nam a2200313 a 4500 001 000000145234 003 CaOOAMICUS 005 20150724101209.0 008 150724s1995 it a u000 u ita r 020 $z8816302976* 040 $aPUL$bita 041 1 $aita$aeng$heng 100 0 $aIohannes Calabria,$cs.,$d1873-1954.$0(OLS)http://pul/name/35272 245 14$aUna gioia insolita :$blettere tra un prete cattolico e un laico anglicano /$cG. Calabria, C. S. Lewis ; introduzione e note di Luciano Squizzato ; traduzione di Patrizia Morelli. 260 $aMilano :$bJaca Book,$c1995. 300 $aVI, 307 p. :$bill. ;$c23 cm 490 1 $aGià e non ancora ;$v297 546 $aTesto inglese a fronte. 700 1 $aLewis, C. S.$q(Clive Staples),$d1898-1963.$0(OLS)http://pul/name/34073 700 1 $aSquizzato, Luciano.$0(OLS)http://pul/name/93025 700 1 $aMorelli, Patrizia.$0(OLS)http://pul/name/31074 830 0$aGià e non ancora ;$v297.$0(OLS)http://pul/title/129 850 $aPUL 852 $aPUL$W1$xDP1 Fondo S. Lanza$y121$m3 L 65$j167922$qFondi$B168481$CPULBib$Z2$F168481 $HLan1828 $82 941 1 $a1 996 $6020$z8816302976*$9(OLS)http://pul/number/158382 996 $6245$aUna gioia insolita :$blettere tra un prete cattolico e un laico anglicano$9(OLS)http://pul/title/183667 996 $6260$aMilano :$bJaca Book$9(OLS)http://pul/publisher/47900 LEADER 01241nam a2200289 a 4500 001 000000172323 003 CaOOAMICUS 005 20190718150821.0 008 190718s2018 be fh u000 u eng r 020 $a978-2-503-52395-8* 032 $aLibriCat 040 $aPUL$bita$d 100 1 $aGrier, James.$0(OLS)http://pul/name/83888 245 10$aAdemarus Cabannensis monachus et musicus /$cJames Grier. 260 $aTurnhout :$bBrepols,$c2018. 300 $a219 p. :$bfacs. ;$c25 cm 490 1 $aCorpus Christianorum.$aAutographa medii aevi ;$v7 504 $aBibliografia in nota. 600 04$aAdemarus Cabannensis,?,$cO.S.B.,$a988-1034? m. c. 1306.$0(OLS)http://pul/subject/46056 830 0$aCorpus Christianorum.$pAutographa medii aevi ;$v7.$0(OLS)http://pul/title/21084 850 $aPUL 852 $aPUL$W1$xSL Cons. Gen., Altre Classi 1$y1$m2008 D 1.7$j196243$qStampati$B201008$CPULBib$Z2$F201008 $H133268 $82 941 1 $a8 996 $6020$a978-2-503-52395-8*$9(OLS)http://pul/number/166409 996 $6245$aAdemarus Cabannensis monachus et musicus$9(OLS)http://pul/title/213241 996 $6260$aTurnhout :$bBrepols$9(OLS)http://pul/publisher/47850